Doing Democracy Differently (Record no. 186923)
[ view plain ]
| 000 -LEADER | |
|---|---|
| fixed length control field | 00388nmm a2200133Ia 4500 |
| 100 ## - MAIN ENTRY--PERSONAL NAME | |
| Personal name | Knappe, Henrike |
| 245 #0 - TITLE STATEMENT | |
| Title | Doing Democracy Differently |
| 260 ## - PUBLICATION, DISTRIBUTION, ETC. (IMPRINT) | |
| Place of publication | Verlag Barbara Budrich |
| Year of publication | 2017 |
| 650 ## - SUBJECT ADDED ENTRY--TOPICAL TERM | |
| Topical Term | Sociology ; Archaeology |
| 856 ## - ELECTRONIC LOCATION AND ACCESS | |
| Uniform Resource Identifier | https://www.jstor.org/stable/10.2307/j.ctvbkk41f |
| 942 ## - ADDED ENTRY ELEMENTS (KOHA) | |
| Koha item type | |
| Withdrawn status | Lost status | Damaged status | Not for loan | Permanent Location | Current Location | Date acquired | Price effective from | Koha item type |
|---|---|---|---|---|---|---|---|---|
| Library and Documentation Division NCERT | Library and Documentation Division NCERT | 11/19/2024 | 11/19/2024 |





